Radosť na pódiu i v publiku

Bibliographic Details
Main Author: Svetlovská, Jana, 1957- (Author)
Format: Article
Language:Slovak
Hungarian
PhysicalDescription:Fotografie
ISSN:1339-2409
Subjects:

MARC

LEADER 00000nab a2200000 4500
001 vtls011919120
003 SK-MaSNL
005 20260303184634.0
008 200220|2020 xo |||| || ||00 0|slo
015 |a SNBRB2020/02 
040 |a DSZK  |b slo  |c DSZK  |e rda 
041 |a slo  |a hun 
043 |a e-xo--- 
044 |a xo  |c SK 
072 7 |a 94(437.6)  |x Dejiny Slovenskej republiky  |2 konspekt 
072 7 |a 394  |x Verejný a spoločenský život. Každodenný život  |2 konspekt 
080 |a 94(437.6)"1993"  |2 2011 
080 |a 394.1/.7  |x (437.612)  |2 2001 
100 1 |a Svetlovská, Jana,  |d 1957-  |4 aut  |9 346357 
245 1 0 |a Radosť na pódiu i v publiku  |c Jana Svetlovská 
300 |b Fotografie 
336 |a text  |b txt  |2 rdacontent 
337 |a bez média  |b n  |2 rdamedia 
338 |a zväzok  |b nc  |2 rdacarrier 
546 |a Dvojjazyčné vydanie 
650 0 7 |a Slovenská republika, vznik, 1993  |2 SNKPH  |9 67866 
650 0 7 |a jubilejné oslavy  |2 SNKPH  |9 101434 
650 0 7 |a kultúrne podujatia  |2 SNKPH  |9 71676 
651 7 |a Veľký Meder (Slovensko)  |2 SNKPHgeo  |9 19224 
773 0 |t Veľkomederský hlásnik = Nagymegyeri hírmondó  |g Roč. XVI, č. 2 (2020), s. 24-25  |x 1339-2409 
958 |a SK 
958 |a RG 
999 |c 2127521  |d 2129451